La vacilación del Hamlet y la decisión de Shakespeare

Saved in:
Bibliografiske detaljer
Hovedforfatter: Bonnefoy, Yves (Author)
Format: Bog
Sprog:spansk
Udgivet: Buenos Aires Cuenco de Plata 2016
Udgivelse:1a. ed
Serier:Teoría y Ensayo
Fag:
Tags: Tilføj Tag
Ingen Tags, Vær først til at tagge denne postø!

MARC

LEADER 00000cam a2200000 a 4500
001 UCD6044
003 CL-VaPUC
008 161111e20160000ag |||||||||||||||||spa|d
020 |a 9789873743634 
082 0 4 |a 808.4  |b BON  |2 21 
100 0 |a Bonnefoy, Yves  |e author  |9 589759 
245 1 3 |a La vacilación del Hamlet y la decisión de Shakespeare 
250 |a 1a. ed 
300 |a 157 p 
942 |c BK 
945 |d 20161111 10:35:00  |a arojas 
260 |a Buenos Aires  |b Cuenco de Plata  |c 2016 
600 0 7 |a HAMLET  |2 CL-VaPUC  |9 514190 
600 0 |a Shakespeare, William  |9 265757 
650 0 |a Ensayo literario  |9 322067 
650 0 |a Ensayos franceses  |9 265511 
583 |a last modification  |c 20161111 10:35:00  |k Rodrigo Vera 
490 0 |a Teoría y Ensayo 
999 |c 366480  |d 366478 
952 |0 0  |1 0  |3 erb  |4 0  |6 808_400000000000000_BON_2016  |7 0  |8 A  |9 480742  |a BIBART  |b BIBART  |i 5347769  |o 808.4 BON 2016  |p 5347769  |r 2025-03-13  |w 2019-11-24  |y BK  |z Catalogado en:20161111  |k ART